000
00327nam a22001457a 4500
003
SGT
020
_a
0-07-050285-4
082
_a
651.3
_b
C75S
100
_a
STOLLER, EZRA
245
_a
ARCHITECTURAL RECORD BOOK
260
_a
NEW DELHI
_b
MCGRAW HILL PUB
_c
1975
300
_a
193
650
_a
HOTEL MANAGEMENT
942
_2
ddc
_c
BK
999
_c
12954
_d
12954